La vie de Fidel Castro - Statistiques

Statistiques générales
  • Ce quiz a été pris 327 fois
  • Le résultat moyen est 9 sur 15
Statistiques - réponses
Indice Réponse % Correct
Célèbre révolutionnaire argentin qui a combattu aux côtés de Castro Che Guevara
93%
Pays qui a soutenu les finances de Cuba jusqu'en 1991 URSS
93%
Invasion américaine en 1961 pour tenter de renverser Castro Baie des {cochons}
92%
Quel évènement de 1962 a failli déclencher la troisième guerre mondiale Crise des {missiles} de Cuba
89%
Parti politique de Castro Parti communiste de Cuba
83%
Mesure prise par les États-Unis envers Cuba en 1962 et qui est toujours officiellement en place aujourd'hui Embargo
74%
Malgré l'alliance avec ce pays, Cuba a rejoint, et même dirigé ce mouvement Mouvement des non-{alignés}
65%
Prénom de son frère qui lui succèdera au pouvoir Raúl
64%
Quel dictateur Castro a-t-il renversé en 1959 ? Fulgencio Batista
53%
Dirigeant vénézuélien avec qui Castro entretenait une amitié Hugo Chávez
51%
La CIA aurait envisagé d'assassiner Castro en faisant exploser cet objet Cigare
38%
Profession de Castro avant d'être président Avocat
34%
Castro a envoyé 18 000 troupes dans ce pays en 1975 pour soutenir son indépendance Angola
31%
3 jours de deuil national furent décrétés à Cuba après la mort de ce dictateur étranger Francisco Franco
13%
Nom donné aux guérilleros de la révolution cubaine mené par Castro Barbudos
4%
Aucun quiz correspondant
Distribution des résultats
% des personnes avec chaque résultat
Percentile par nombre de réponses
Votre historique - résultats
Vous n’avez pas pris ce quiz